Strategic management in the global economy /

This book is about: Global firms and the global environment; The globalization process; Competitive analysis and strategic planning: The corporate view; ...

Na minha lista:
Detalhes bibliográficos
Formato: Livro
Idioma:English
Publicado em: New York : John Wiley and Sons, 1997.
Edição:3rd ed.
Assuntos:
Tags: Adicionar Tag
Sem tags, seja o primeiro a adicionar uma tag!
Thư viện lưu trữ: Mạng thư viện Đại học Đà Nẵng
LEADER 01301cam a2200409 i 4500
001 000048274
003 7984
005 20030321161138.0
008 010321|1997 vm 000 eng
020 |a 0471158739 
040 |a IRC  |c IRC  |d IRC 
041 0 |a eng 
082 1 4 |a 658.4012  |b St-M 
245 0 0 |a Strategic management in the global economy /  |c [compiled by] Heidi Vernon-Wortzel, Lawrence H. Wortzel. 
250 |a 3rd ed. 
260 |a New York :  |b John Wiley and Sons,  |c 1997. 
300 |a ix, 582 p. :  |b ill. ;  |c 23.5cm. 
520 3 |a This book is about: Global firms and the global environment; The globalization process; Competitive analysis and strategic planning: The corporate view; ... 
630 0 4 |a Economics. 
630 0 4 |a Business. 
630 0 4 |a Management. 
630 0 4 |a Strategic planning. 
630 0 4 |a Enterprises. 
650 0 4 |a International business enterprises  |x Management. 
650 0 4 |a International business enterprises  |x Planning. 
650 0 4 |a Strategic planning. 
650 0 4 |a International economic relations. 
OWN |a DUT 
999 |a From the UDN01 
TYP |a Monograph 
TYP |a Printed language 
980 |a Mạng thư viện Đại học Đà Nẵng